[Event "Riadh Rapid op"]
[Site "Riadh"]
[Date "2023.03.17"]
[Round "3"]
[White "Laamim, Roaa"]
[Black "Omar, Abdulrahman"]
[Result "0-1"]
[WhiteElo "1939"]
[BlackElo "2039"]
[PlyCount "103"]
[EventDate "2023.03.17"]
[EventType "swiss (rapid)"]
[EventRounds "9"]
[EventCountry "SAU"]
[SourceTitle "CBM 213 Extra"]
[Source "ChessBase"]
[SourceDate "2023.05.31"]
[SourceVersion "1"]
[SourceVersionDate "2023.05.31"]
[SourceQuality "1"]

1. Nf3 Nf6 2. c4 c6 3. b3 d5 4. e3 g6 5. Bb2 Bg7 6. Be2 0-0 7. 0-0 Re8 8. Ne5 Nfd7 9. f4 Nxe5 10. fxe5 Be6 11. cxd5 cxd5 12. d4 Nc6 13. Nd2 f6 14. Nf3 a5 15. Bb5 Qb6 16. a4 Red8 17. Qe2 Rac8 18. Rac1 Na7 19. Ba3 Nxb5 20. Bc5 Qc6 21. axb5 Qd7 22. Bb6 Rxc1 23. Rxc1 Rc8 24. Rxc8+ Qxc8 25. Bxa5 Qc1+ 26. Kf2 Qa1 27. Bb4 fxe5 28. Bxe7 exd4 29. exd4 Bxd4+ 30. Kg3 Bf5 31. Qd2 Be5+ 32. Kf2 Qb2 33. Qxb2 Bxb2 34. Bc5 Kf7 35. h3 h6 36. Bd4 Ba3 37. Bc3 Bc5+ 38. Bd4 Bb4 39. Be3 g5 40. h4 gxh4 41. Nxh4 Bd7 42. Bxh6 Bxb5 43. Be3 Bd3 44. Nf3 Bc2 45. Nd4 Bd1 46. Kg3 Bc5 47. Kf4 Bxd4 48. Bxd4 Bxb3 49. Ke5 b5 50. Bc5 Kg6 51. g3 Kg5 52. Kd4 0-1

[Event "Addis Ababa zt 4.4"]
[Site "Addis Ababa"]
[Date "2022.05.02"]
[Round "1"]
[White "Omar, Abdulrahman"]
[Black "Regassa, Hunde Eba"]
[Result "1-0"]
[WhiteElo "2005"]
[BlackElo "1717"]
[PlyCount "91"]
[EventDate "2022.05.02"]
[EventType "swiss"]
[EventRounds "9"]
[EventCountry "ETH"]
[SourceTitle "CBM 208 Extra"]
[Source "ChessBase"]
[SourceDate "2022.07.31"]
[SourceVersion "1"]
[SourceVersionDate "2022.07.31"]
[SourceQuality "1"]

1. Nf3 Nf6 2. c4 e5 3. Nxe5 Nc6 4. Nxc6 dxc6 5. g3 Bc5 6. e3 Bg4 7. f3 Be6 8. d4 Bb4+ 9. Bd2 Bxd2+ 10. Nxd2 0-0 11. Bg2 Re8 12. 0-0 Qd7 13. Re1 Rad8 14. Qc2 Bf5 15. Qc3 h5 16. Nb3 b6 17. e4 Bg6 18. e5 Nh7 19. f4 a5 20. a4 Nf8 21. c5 Ne6 22. cxb6 Nxd4 23. Rad1 Ne2+ 24. Rxe2 Qxd1+ 25. Re1 Qd3 26. Bxc6 Qxc3 27. bxc3 Re6 28. bxc7 Rc8 29. Bd7 Rxc7 30. Bxe6 fxe6 31. Rc1 Be8 32. Nd4 Kf7 33. Nb5 Bxb5 34. axb5 a4 35. c4 a3 36. b6 Rc8 37. b7 Rb8 38. Ra1 Rxb7 39. Rxa3 Rc7 40. Rc3 Kg6 41. Kf2 Kf5 42. Kf3 g5 43. h3 gxf4 44. gxf4 Rc5 45. Rc2 h4 46. Rg2 1-0

[Event "Arab Games"]
[Site "Doha"]
[Date "2011.12.19"]
[Round "6"]
[White "Gator, Mosab"]
[Black "Omar, Abdulrahman"]
[Result "1-0"]
[WhiteElo "2115"]
[BlackElo "2045"]
[PlyCount "30"]
[EventDate "2011.12.13"]
[EventType "team-swiss"]
[EventRounds "9"]
[EventCountry "QAT"]
[SourceTitle "CBM 145 Extra"]
[Source "ChessBase"]
[SourceDate "2012.01.03"]
[SourceVersion "1"]
[SourceVersionDate "2012.01.03"]
[SourceQuality "1"]
[WhiteTeam "Libya"]
[BlackTeam "Somalia"]
[WhiteTeamCountry "LBY"]
[BlackTeamCountry "SOM"]

1. e4 c5 2. Nc3 Nc6 3. f4 e6 4. Nf3 d5 5. Bb5 d4 6. Ne2 Nf6 7. Bxc6+ bxc6 8. d3 Be7 9. 0-0 0-0 10. Ng3 Qc7 11. Qe2 Ne8 12. Bd2 f5 13. Ne5 Bf6 14. Nc4 g6 15. Rae1 Ng7 1-0

[Event "Arab Games"]
[Site "Doha"]
[Date "2011.12.15"]
[Round "3"]
[White "Omar, Abdulrahman"]
[Black "Nadir, Samir"]
[Result "0-1"]
[WhiteElo "2045"]
[BlackElo "2125"]
[PlyCount "126"]
[EventDate "2011.12.13"]
[EventType "team-swiss"]
[EventRounds "9"]
[EventCountry "QAT"]
[SourceTitle "CBM 145 Extra"]
[Source "ChessBase"]
[SourceDate "2012.01.03"]
[SourceVersion "1"]
[SourceVersionDate "2012.01.03"]
[SourceQuality "1"]
[WhiteTeam "Somalia"]
[BlackTeam "Sudan"]
[WhiteTeamCountry "SOM"]
[BlackTeamCountry "SUD"]

1. c4 e5 2. Nc3 Nf6 3. Nf3 Nc6 4. g3 d5 5. cxd5 Nxd5 6. d3 Be7 7. Bg2 Nb6 8. 0-0 0-0 9. a4 a5 10. Be3 Be6 11. Rc1 Nd5 12. Nxd5 Bxd5 13. Qc2 Qd7 14. Bc5 Rfe8 15. Bxe7 Rxe7 16. Qc3 f6 17. Rfe1 Nb4 18. Qa3 Rae8 19. Nd2 Bf7 20. Ne4 b6 21. Nc3 c5 22. Ne4 Nc6 23. Nd2 Nd4 24. Nc4 Rb8 25. e3 Nc6 26. Red1 Nb4 27. h3 Ree8 28. Rc3 Red8 29. b3 Qf5 30. g4 Qg5 31. Qb2 h5 32. Qe2 hxg4 33. Qxg4 Qxg4 34. hxg4 Bg6 35. e4 Bf7 36. f3 Nc6 37. Kf2 Nd4 38. Ke3 Nxb3 39. Rb1 Bxc4 40. Rxc4 Nd4 41. Bf1 Kf7 42. Be2 Rh8 43. Bd1 Kg6 44. Rcc1 Nc6 45. Bb3 Rh2 46. Rh1 Rbh8 47. Rxh2 Rxh2 48. Bd1 Nb4 49. Rc1 Kg5 50. Bb3 Rb2 51. Bd1 Na2 52. Rc2 Rxc2 53. Bxc2 Nb4 54. Bb3 Kh4 55. Bd1 Kg3 56. Be2 Nc6 57. Kd2 Nd4 58. Bd1 b5 59. axb5 Nxb5 60. Kc2 Nd4+ 61. Kc3 Nxf3 62. Kc4 Kxg4 63. Kxc5 Kf4 0-1

[Event "Arab Games"]
[Site "Doha"]
[Date "2011.12.14"]
[Round "2"]
[White "Adly, Ahmed"]
[Black "Omar, Abdulrahman"]
[Result "1-0"]
[WhiteElo "2601"]
[BlackElo "2045"]
[PlyCount "81"]
[EventDate "2011.12.13"]
[EventType "team-swiss"]
[EventRounds "9"]
[EventCountry "QAT"]
[SourceTitle "CBM 145 Extra"]
[Source "ChessBase"]
[SourceDate "2012.01.03"]
[SourceVersion "1"]
[SourceVersionDate "2012.01.03"]
[SourceQuality "1"]
[WhiteTeam "Egypt"]
[BlackTeam "Somalia"]
[WhiteTeamCountry "EGY"]
[BlackTeamCountry "SOM"]

1. d4 Nf6 2. Nf3 d5 3. Bf4 e6 4. e3 a6 5. c4 c5 6. Nc3 cxd4 7. exd4 dxc4 8. Bxc4 Nc6 9. 0-0 Be7 10. a3 0-0 11. Qd3 b5 12. Ba2 Bb7 13. Rad1 b4 14. Na4 Qa5 15. Nc5 Bxc5 16. dxc5 e5 17. Nxe5 Qxc5 18. Nd7 Nxd7 19. Qxd7 Bc8 20. Qd2 Qb6 21. Rfe1 Bg4 22. Be3 Qb5 23. f3 b3 24. Bb1 Be6 25. Rc1 Rfd8 26. Qf2 Rac8 27. Rc5 Qa4 28. Rh5 g6 29. Qg3 Qc4 30. Rc5 Qa4 31. Qg5 Nb8 32. Re5 Qc4 33. Qh6 Nd7 34. Re4 Qd5 35. Bd4 f6 36. Rh4 Nf8 37. Bxg6 hxg6 38. Bxf6 Rd7 39. Qh8+ Kf7 40. Rd4 Qb7 41. Rf4 1-0

[Event "Arab Games rapid"]
[Site "Doha"]
[Date "2011.12.11"]
[Round "5"]
[White "Omar, Abdulrahman"]
[Black "Nadir, Samir"]
[Result "1-0"]
[WhiteElo "2045"]
[BlackElo "2125"]
[PlyCount "170"]
[EventDate "2011.12.11"]
[EventType "swiss (rapid)"]
[EventRounds "9"]
[EventCountry "QAT"]
[SourceTitle "CBM 145 Extra"]
[Source "ChessBase"]
[SourceDate "2012.01.03"]
[SourceVersion "1"]
[SourceVersionDate "2012.01.03"]
[SourceQuality "1"]

1. Nf3 d5 2. d4 Nf6 3. c4 c6 4. Nc3 Bf5 5. e3 e6 6. Bd3 Bxd3 7. Qxd3 Be7 8. 0-0 0-0 9. b3 Nbd7 10. Bb2 Qc7 11. Rac1 Rad8 12. cxd5 exd5 13. Rc2 Rfe8 14. a3 Qb8 15. Qf5 Bd6 16. h3 Nf8 17. Ne2 Ng6 18. h4 Qc8 19. Qxc8 Rxc8 20. Rfc1 Rc7 21. g3 Rce7 22. b4 a6 23. Nc3 h6 24. Na4 Ne4 25. Kg2 Bb8 26. Nc5 Nd6 27. Nd2 Nf8 28. Ba1 f5 29. a4 Ne6 30. a5 g5 31. hxg5 hxg5 32. Nf3 g4 33. Ne5 Rh7 34. Rh1 Rxh1 35. Kxh1 Nxc5 36. dxc5 Ne4 37. Nd7 Kf7 38. Kg2 Bc7 39. Rc1 Ke6 40. Nb6 Be5 41. Bxe5 Kxe5 42. Rh1 Re7 43. Rh5 Rc7 44. Rh8 Nf6 45. Rf8 Rh7 46. Nc8 Ne4 47. Re8+ Kf6 48. Nb6 Ng5 49. Nc8 Nf3 50. Nd6 Rh2+ 51. Kf1 Rh1+ 52. Ke2 Rb1 53. Rb8 Rb2+ 54. Kd3 Rxb4 55. Rxb7 Ra4 56. Rf7+ Ke6 57. Rxf5 Rxa5 58. Rf4 Rxc5 59. Nb7 Rb5 60. Nd8+ Kd7 61. Nf7 a5 62. Rxg4 Ke7 63. Rf4 Ng1 64. g4 Rb4 65. Ne5 Rxf4 66. exf4 c5 67. Nc6+ Kd6 68. Nxa5 Nh3 69. Ke3 d4+ 70. Kf3 Kd5 71. g5 Ke6 72. Nc4 Kf5 73. Nd6+ Kg6 74. Kg3 d3 75. Nc4 Ng1 76. Kg4 Ne2 77. f5+ Kg7 78. Kf3 Nd4+ 79. Ke4 Kf7 80. f4 Ne2 81. Ne5+ Ke7 82. Nxd3 c4 83. f6+ Kf8 84. Ne5 c3 85. g6 Ng3+ 1-0